000 00813nam a2200301Ia 4500
001 A6988
003 IT-RoPAU
008 130308s9999 xx 000 0 und d
040 _aIT-RoPAU
040 _cIT-RoPAU
041 _aINGLESE
100 _aTaylor Clyde
100 _gCodice Aut. SPICS: 36304
245 _aBlack Cinema in the Post-Aesthetic Era
245 _bQuestions Of Third Cinema
250 _a1a ed.
260 _aLONDON
260 _bBritish Film Institute
260 _c1989 [1° Ed.:1989 - Ed.Ling.Originale:1989]
300 _a"21 p. (prefazione: no ; testo: 21 [pagine: 90-110])"
500 _aCinema Negro nell'era Post Estetica.
650 _aGENERI CINEMATOGRAFICI
650 _eCodice materia Spics: 6810
942 _cBK
957 _71
999 _c54669
_d54669
999 _bSI
999 _g1